000 01154naa a22003497a 4500
001 BR8106273
003 BR-BrBNA
005 20240918174922.0
007 ta
008 230509b bl.||||| |||| 00| 0 por d
040 _aBR-BrBNA
_bpor
_cBiblioteca Nacional de Agricultura
041 _a(Pt)
072 _aF00; F60
_b0430
_b3575
_b9533
_bG514
090 _aF00 BR8106273
100 1 _aCarvalho, V.D. de
100 1 _aLaca-Buendia, J.P. del C.
100 1 _aCastro, E. da M. de
100 1 _aPenna, J.C.V.
245 1 _aTeores de oleo em algumas cultivares de algodao em diferentes locais do estado de Minas Gerais [Brasil]
260 3 _aBelo Horizonte, MG (Brasil):
_c1981.
500 _aProjeto algodao. Relatorio 76/78 Belo Horizonte, MG (Brasil): 1981. p. 115-120 (BR8106273-AM)F00
650 _aALGODAO
650 _aVARIEDADE
650 _aSEMENTE
650 _aOLEO
650 _aANALISE QUIMICA
650 _aRENDIMENTO
650 _aMINAS GERAIS
773 0 _tProjeto algodao. Relatorio 76/78
_wF00 BR8106273
_gBelo Horizonte, MG (Brasil), 1981. p. 115-120
909 _a202404
_bLucia
_c55
_dLucia Elande
942 _cAM
_2AGRIS
999 _c314343
_d314343